000 00946cab a2200289 4500
001 ABS51840
008 090401t1994 xxu||||| |||| 00| 0 eng d
035 _a(Sirsi) u46238
041 _aeng
100 _aConnellan, O.
245 _aDiscounted asset rent (DAR) - a new methodology for cost appraisals
260 _c1994
350 _a0
490 _aJournal of Property Valuation and Investment
_v12(4) 1994, 39-57(19)
520 _aIntroduces a new methodology for cost appraisals which tries to eliminate the problems of using "age-related" depreciation in the appraisal process.
650 _aAGE-RELATED DEPRECIATION
650 _aASSET RENTS
650 _aDAR
650 _aDEPRECIATED REPLACEMENT COST
650 _aDISCOUNTED ASSET RENT
650 _aGROSS REPLACEMENT COST
650 _aNET REPLACEMENT COST
650 _aVALUATION METHODS
690 _aRATING AND VALUATION
942 _n0
948 _c04/03/1997
999 _c29260
_d29260